000 01184nam a2200289 a 4500
999 _c330175
_d330175
003 BLK
005 20250110140421.0
008 190411b bu |||||r|||| 00| 0 bu d
020 _a9789542962601
040 _aBLK
041 _aBUL
_cBUL
080 _aНемска литература
_b821.112.2
_x-31
_z821.112.2-31
100 _9363966
_aГьоте, Йохан Волфганг фон
_eпърви автор
139 _aГьоте, Йохан Волфганг фон
_bГ 97
245 _aРодства по избор
_cЙохан Волфганг фон Гьоте ; прев. от нем. Людмила Костова
250 _a2. изд.
260 _9217700
_aСофия
_bАпостроф
_c2018
_fСофия: Ропринт
300 _a255 с.
_c21 см
380 _aX
500 _aОриг. загл.: Die Wahlverwandtschaften / Johann Wolfgang von Goethe. - Без сведение за 1. изд.
700 _91091
_aКостова, Людмила Маринова
_eпрев. от нем.
852 _aЦб 294435
942 _cKNG
_n0
_04
944 _aCR
_c2019-04-11
_k30530
_lМинев Младен
999 _d330175
999 _d330175